[Event "20th TCh-RUS 2013"]
[Site "Loo RUS"]
[Date "2013.04.13"]
[Round "7"]
[White "Wojtaszek, Radoslaw"]
[Black "Shirov, Alexei"]
[Result "1/2-1/2"]
[WhiteElo "2700"]
[BlackElo "2700"]
[PlyCount "141"]
[EventDate "2013.04.07"]
[WhiteTeam "SHSM Nashe Nasledie Moskow"]
[BlackTeam "Malakhit"]

1. d4 Nf6 2. c4 e6 3. Nf3 b6 4. Nc3 Bb4 5. Qc2 Bb7 6. a3 Bxc3+ 7. Qxc3 d5 8. e3
O-O 9. b4 c5 10. dxc5 Ne4 11. Qc2 bxc5 12. cxd5 exd5 13. bxc5 Nd7 14. Be2 Rc8
15. O-O Rxc5 16. Qb2 Qc7 17. Qd4 Nc3 18. Bd3 Re8 19. Bb2 Re4 20. Bxc3 Rxd4 21.
Bxd4 Ra5 22. Rfc1 Qd6 23. Rc3 h6 24. Nh4 g6 25. Nf3 Nc5 26. Rb1 Nxd3 27. Rxb7
Nc5 28. Rb1 g5 29. Be5 Qa6 30. Rbc1 f6 31. Bd4 Ne4 32. Rc8+ Kf7 33. R1c7+ Kg6
34. g4 Qe6 35. h3 Ra6 36. Rh8 Rc6 37. Rch7 Rc1+ 38. Kg2 Rc2 39. Rxh6+ Kf7 40.
R6h7+ Kg6 41. Ne5+ fxe5 42. Rh6+ Kf7 43. R8h7+ Kg8 44. Rh8+ Kf7 45. R8h7+ Kg8
46. Rxe6 Kxh7 47. Rxe5 Rxf2+ 48. Kg1 Rf3 49. Re7+ Kg6 50. Rg7+ Kh6 51. Rxa7
Rxh3 52. Ra6+ Kh7 53. Ra5 Rg3+ 54. Kf1 Rxg4 55. Rxd5 Rh4 56. Re5 Nd2+ 57. Kf2
Nb3 58. Bc3 Rc4 59. Bb4 Kg6 60. Rd5 g4 61. Kg3 Nc1 62. Rd2 Kf5 63. Rf2+ Ke6 64.
Bf8 Rc3 65. Bh6 Rxa3 66. Kxg4 Nd3 67. Rf8 Ne5+ 68. Kg3 Ra4 69. Re8+ Kf5 70.
Rf8+ Ke6 71. Re8+ 1/2-1/2

[Event "20th TCh-RUS 2013"]
[Site "Loo RUS"]
[Date "2013.04.13"]
[Round "7"]
[White "Bologan, Viktor"]
[Black "Dubov, Daniil"]
[Result "0-1"]
[WhiteElo "2681"]
[BlackElo "2614"]
[PlyCount "64"]
[EventDate "2013.04.07"]
[WhiteTeam "Malakhit"]
[BlackTeam "SHSM Nashe Nasledie Moskow"]

1. e4 c5 2. Nf3 d6 3. d4 cxd4 4. Nxd4 Nf6 5. Nc3 Nc6 6. Bg5 Qb6 7. Nb3 e6 8.
Bxf6 gxf6 9. a4 a6 10. a5 Qc7 11. Bd3 Bd7 12. O-O O-O-O 13. Qh5 Be8 14. f4 Kb8
15. Kh1 Nb4 16. f5 d5 17. Qh4 Be7 18. exd5 Nxd5 19. Nxd5 Rxd5 20. Rae1 Re5 21.
Qh6 Bc6 22. Nd4 Bd5 23. Qg7 Rd8 24. Qxf7 Rxe1 25. Rxe1 Qf4 26. Nxe6 Qh4 27. Re2
Bd6 28. Kg1 Qxh2+ 29. Kf2 Qxg2+ 30. Ke1 Qg1+ 31. Kd2 Bf4+ 32. Kc3 Rc8+ 0-1

[Event "20th TCh-RUS 2013"]
[Site "Loo RUS"]
[Date "2013.04.13"]
[Round "7"]
[White "Najer, Evgeniy"]
[Black "Riazantsev, Alexander"]
[Result "1/2-1/2"]
[WhiteElo "2634"]
[BlackElo "2705"]
[PlyCount "68"]
[EventDate "2013.04.07"]
[WhiteTeam "SHSM Nashe Nasledie Moskow"]
[BlackTeam "Malakhit"]

1. e4 c6 2. d4 d5 3. e5 Bf5 4. Nf3 e6 5. Be2 Ne7 6. O-O Bg6 7. c3 Nf5 8. Qb3
Qc7 9. g4 Ne7 10. Nh4 h5 11. Nxg6 Nxg6 12. gxh5 Ne7 13. Nd2 f6 14. exf6 gxf6
15. c4 Nf5 16. Qh3 Nxd4 17. Bd1 Qe5 18. Nb3 Rg8+ 19. Kh1 Qe4+ 20. f3 Qf5 21.
Qxf5 Nxf5 22. cxd5 cxd5 23. Bc2 Nc6 24. Bxf5 exf5 25. Bf4 Rh8 26. Rac1 Rxh5 27.
Rfd1 Rd8 28. Nd4 Nxd4 29. Rxd4 Rd7 30. Bg3 Kf7 31. Rcd1 Ke6 32. Re1+ Kf7 33.
Red1 Ke6 34. Re1+ Kf7 1/2-1/2

[Event "20th TCh-RUS 2013"]
[Site "Loo RUS"]
[Date "2013.04.13"]
[Round "7"]
[White "Leko, Peter"]
[Black "Tregubov, Pavel V"]
[Result "1/2-1/2"]
[WhiteElo "2744"]
[BlackElo "2611"]
[PlyCount "85"]
[EventDate "2013.04.07"]
[WhiteTeam "Yugra"]
[BlackTeam "Belorechensk"]

1. e4 c5 2. Nf3 e6 3. d4 cxd4 4. Nxd4 Nc6 5. Nc3 Qc7 6. g3 a6 7. Bg2 d6 8. O-O
Bd7 9. a4 Nf6 10. Nxc6 Bxc6 11. a5 Be7 12. Be3 Rc8 13. Bb6 Qb8 14. Re1 Nd7 15.
Bd4 Bf6 16. Ne2 O-O 17. c4 Rfd8 18. Qd2 b6 19. axb6 Bxd4 20. Qxd4 Nc5 21. Rab1
Qxb6 22. b4 e5 23. Qe3 Nd7 24. Nc3 Qxe3 25. Rxe3 Kf8 26. Bf1 Rb8 27. f3 Ke7 28.
Re2 Rdc8 29. Ra2 Bb7 30. Ra5 f6 31. Kf2 Nb6 32. c5 dxc5 33. bxc5 Nd7 34. Na4
Rc6 35. Bc4 Bc8 36. Rxb8 Nxb8 37. Nb6 Nd7 38. Na4 Rc7 39. Bd5 Nb8 40. Nb6 Nd7
41. Na4 Nb8 42. Nc3 Nd7 43. Na4 1/2-1/2

[Event "20th TCh-RUS 2013"]
[Site "Loo RUS"]
[Date "2013.04.13"]
[Round "7"]
[White "Savchenko, Boris"]
[Black "Korobov, Anton"]
[Result "0-1"]
[WhiteElo "2604"]
[BlackElo "2698"]
[PlyCount "68"]
[EventDate "2013.04.07"]
[WhiteTeam "Belorechensk"]
[BlackTeam "Yugra"]

1. e4 c5 2. Nf3 d6 3. d4 cxd4 4. Nxd4 Nf6 5. Nc3 a6 6. Bg5 Nbd7 7. f4 Qc7 8.
Qe2 e5 9. Nf3 h6 10. Bxf6 Nxf6 11. g3 Be7 12. O-O-O O-O 13. Kb1 b5 14. Bg2 b4
15. Nd5 Nxd5 16. exd5 exf4 17. Nd4 Bf6 18. Nc6 a5 19. Be4 Re8 20. Qf3 a4 21.
Qxf4 a3 22. b3 Qb6 23. Qxd6 Qe3 24. Bd3 Bg4 25. Qxb4 Bxd1 26. Rxd1 Qf3 27. Qd2
Bg5 28. Nd4 Qxd5 29. c4 Qc5 30. b4 Rab8 31. Nb5 Qe5 32. Qc2 Bf6 33. Qb3 Rxb5
34. cxb5 Rc8 0-1

[Event "20th TCh-RUS 2013"]
[Site "Loo RUS"]
[Date "2013.04.13"]
[Round "7"]
[White "Aleksandrov, Aleksej"]
[Black "Rublevsky, Sergei"]
[Result "1/2-1/2"]
[WhiteElo "2604"]
[BlackElo "2688"]
[PlyCount "81"]
[EventDate "2013.04.07"]
[WhiteTeam "Belorechensk"]
[BlackTeam "Yugra"]

1. d4 d5 2. c4 c6 3. Nc3 Nf6 4. e3 e6 5. Nf3 a6 6. Qc2 c5 7. cxd5 exd5 8. Be2
Be6 9. O-O Nc6 10. Rd1 cxd4 11. Nxd4 Nxd4 12. Rxd4 Bc5 13. Rd1 Qe7 14. Na4 Bd6
15. Nb6 Bxh2+ 16. Kxh2 Qd6+ 17. Kg1 Qxb6 18. Qa4+ Bd7 19. Qf4 O-O 20. b3 Rac8
21. Bb2 Qe6 22. Bxf6 Qxf6 23. Qxf6 gxf6 24. Rxd5 Be6 25. Rd4 Rc2 26. Bg4 f5 27.
Bf3 b6 28. Bd5 Rfc8 29. Bxe6 fxe6 30. Rd7 R8c7 31. Rxc7 Rxc7 32. Rd1 Kf7 33.
Rd6 Rc1+ 34. Kh2 Rc2 35. Kg3 Rxa2 36. Rxb6 Kf6 37. b4 h5 38. f4 Ra3 39. Kf3 a5
40. bxa5 Rxa5 41. g3 1/2-1/2

[Event "20th TCh-RUS 2013"]
[Site "Loo RUS"]
[Date "2013.04.13"]
[Round "7"]
[White "Khismatullin, Denis"]
[Black "Korneev, Oleg"]
[Result "1-0"]
[WhiteElo "2640"]
[BlackElo "2609"]
[PlyCount "107"]
[EventDate "2013.04.07"]
[WhiteTeam "Yugra"]
[BlackTeam "Belorechensk"]

1. d4 d5 2. c4 e6 3. Nc3 Be7 4. cxd5 exd5 5. Bf4 Nf6 6. e3 Bf5 7. Qb3 Nc6 8. a3
Na5 9. Qa2 O-O 10. Nf3 c5 11. dxc5 Bxc5 12. Be2 Be6 13. Rd1 Bd6 14. Bxd6 Qxd6
15. O-O Rac8 16. Nd4 a6 17. h3 b5 18. Bd3 Nc4 19. Nce2 Rfe8 20. Nf4 Bd7 21.
Rfe1 g6 22. Qa1 Qe7 23. Be2 Qd6 24. Bf3 Ne5 25. b3 Rc7 26. Bxd5 Nxd5 27. Nde2
Be6 28. Nxd5 Bxd5 29. Nf4 Rc5 30. b4 Rc6 31. Nxd5 Nc4 32. Rd4 Qe5 33. f4 Qe6
34. e4 Nb6 35. Rdd1 Rec8 36. f5 gxf5 37. exf5 Qxe1+ 38. Rxe1 Nxd5 39. Qd4 Nf6
40. Kh2 Kg7 41. Re7 R6c7 42. Rxc7 Rxc7 43. Qb6 Rd7 44. Qxa6 Rd5 45. a4 bxa4 46.
Qxa4 Rxf5 47. b5 Ne8 48. b6 Nd6 49. Qd4+ Rf6 50. Qe5 h6 51. h4 Kg6 52. h5+ Kg7
53. g4 Nc4 54. Qxf6+ 1-0

[Event "20th TCh-RUS 2013"]
[Site "Loo RUS"]
[Date "2013.04.13"]
[Round "7"]
[White "Tomashevsky, Evgeny"]
[Black "Yudin, Sergei"]
[Result "1-0"]
[WhiteElo "2722"]
[BlackElo "2548"]
[PlyCount "59"]
[EventDate "2013.04.07"]
[WhiteTeam "Economist-SGSEU"]
[BlackTeam "Politekhnik"]

1. c4 e6 2. Nc3 d5 3. d4 c6 4. e4 Bb4 5. Bd2 dxc4 6. Bxc4 Qxd4 7. Qe2 Qd8 8.
Nf3 Nd7 9. O-O Ngf6 10. Rad1 Be7 11. Bb3 Qc7 12. Rfe1 h6 13. e5 Nd5 14. Rc1
Nxc3 15. Rxc3 Nb6 16. Nd4 Nd5 17. Rg3 Qb6 18. Bxd5 cxd5 19. Be3 Bc5 20. Rd1 g6
21. Nb5 Kf8 22. Bxc5+ Qxc5 23. Nd6 d4 24. b4 Qd5 25. Rg4 b5 26. Rgxd4 Qc6 27.
Qxb5 Qxb5 28. Nxb5 Kg7 29. Nd6 Bd7 30. Nxf7 1-0

[Event "20th TCh-RUS 2013"]
[Site "Loo RUS"]
[Date "2013.04.13"]
[Round "7"]
[White "Vokarev, Sergey"]
[Black "Andreikin, Dmitry"]
[Result "1/2-1/2"]
[WhiteElo "2454"]
[BlackElo "2727"]
[PlyCount "92"]
[EventDate "2013.04.07"]
[WhiteTeam "Politekhnik"]
[BlackTeam "Economist-SGSEU"]

1. e4 c5 2. Nf3 e6 3. d4 cxd4 4. Nxd4 Nc6 5. Nb5 d6 6. Bf4 e5 7. Be3 Be7 8. c4
Nf6 9. f3 O-O 10. N1c3 a6 11. Na3 Be6 12. Be2 Rc8 13. Qd2 Nd4 14. O-O h6 15.
Kh1 Nxe2 16. Qxe2 Nh5 17. Rfd1 Bg5 18. Nd5 Bxd5 19. Rxd5 Bxe3 20. Qxe3 Nf4 21.
Rd2 Ne6 22. Rad1 Rc6 23. b3 Qa5 24. Nc2 b5 25. a3 bxc4 26. Nb4 Rcc8 27. bxc4
Rxc4 28. Rxd6 Rd4 29. h3 Qc5 30. R6xd4 exd4 31. Qc1 Rc8 32. Qxc5 Rxc5 33. Nxa6
Ra5 34. Nb4 Rxa3 35. Nc2 Ra4 36. h4 g5 37. hxg5 hxg5 38. Kg1 Kg7 39. Ne1 Kf6
40. Rd2 Nc5 41. Kf2 Ke5 42. Rc2 Kd6 43. Rb2 Kc6 44. Ke2 Ra3 45. Rd2 Ne6 46. Nd3
Kd6 1/2-1/2

[Event "20th TCh-RUS 2013"]
[Site "Loo RUS"]
[Date "2013.04.13"]
[Round "7"]
[White "Volokitin, Andrei"]
[Black "Pogromsky, Mikhail"]
[Result "1-0"]
[WhiteElo "2702"]
[BlackElo "2431"]
[PlyCount "149"]
[EventDate "2013.04.07"]
[WhiteTeam "Economist-SGSEU"]
[BlackTeam "Politekhnik"]

1. d4 Nf6 2. c4 e6 3. g3 Bb4+ 4. Bd2 Bxd2+ 5. Qxd2 d5 6. Bg2 O-O 7. Nf3 c6 8.
O-O Nbd7 9. Ne5 Nxe5 10. dxe5 Nd7 11. Qc3 Rb8 12. Nd2 Qc7 13. f4 b5 14. c5 b4
15. Qe3 a5 16. Nf3 a4 17. Rfc1 Rb5 18. Nd4 Rxc5 19. Rxc5 Nxc5 20. Rc1 Qb6 21.
Nxe6 fxe6 22. Qxc5 Qxc5+ 23. Rxc5 Bb7 24. a3 bxa3 25. bxa3 Ra8 26. Kf2 Ra6 27.
Ke3 Rb6 28. Kd4 Kf7 29. Ra5 Ke7 30. e3 Kd7 31. Rxa4 Rb5 32. Bf1 c5+ 33. Kc3 Rb1
34. Bd3 Rc1+ 35. Kd2 Rh1 36. f5 Rxh2+ 37. Kc3 c4 38. Ra7 cxd3 39. Rxb7+ Kc6 40.
Rxg7 d2 41. Kc2 exf5 42. a4 Re2 43. a5 Kb5 44. Rb7+ Kxa5 45. Rb3 Rh2 46. Rd3
Kb6 47. Rxd5 Rh6 48. Kxd2 Kc6 49. Ra5 Kb6 50. Ra4 Re6 51. Ke2 Rxe5 52. Kf3 Kc6
53. Kf4 Re7 54. Ra6+ Kd5 55. Ra5+ Kd6 56. Rxf5 Rg7 57. g4 Ke6 58. g5 Rg6 59.
Ra5 Kf7 60. Kf5 Rb6 61. e4 Rb1 62. Ra7+ Kg8 63. e5 Rf1+ 64. Ke6 Rg1 65. Kd6
Rd1+ 66. Ke6 Rg1 67. Kd6 Rd1+ 68. Ke7 Kg7 69. e6 Kg6 70. Ra5 Rd2 71. Ke8 h5 72.
gxh6 Kxh6 73. e7 Kg7 74. Ra8 Rd1 75. Rd8 1-0

[Event "20th TCh-RUS 2013"]
[Site "Loo RUS"]
[Date "2013.04.13"]
[Round "7"]
[White "Ozgibcev, Anatoly"]
[Black "Moiseenko, Alexander"]
[Result "0-1"]
[WhiteElo "2379"]
[BlackElo "2703"]
[PlyCount "102"]
[EventDate "2013.04.07"]
[WhiteTeam "Politekhnik"]
[BlackTeam "Economist-SGSEU"]

1. e4 c5 2. c3 d5 3. exd5 Qxd5 4. d4 Nc6 5. dxc5 Qxd1+ 6. Kxd1 Bf5 7. Be3 Nf6
8. Nf3 O-O-O+ 9. Ke1 Nd5 10. Nbd2 e5 11. Nb3 Be7 12. Bb5 f6 13. h3 g5 14. Nfd2
Kc7 15. Be2 Be6 16. g4 h5 17. Rg1 f5 18. gxf5 Nxe3 19. fxe3 Bxf5 20. Bf1 g4 21.
e4 Bh4+ 22. Ke2 Be6 23. hxg4 hxg4 24. Bg2 Ne7 25. Nc1 Ng6 26. Nd3 Nf4+ 27. Nxf4
exf4 28. b3 Be7 29. Rh1 Bxc5 30. Rxh8 Rxh8 31. Rh1 f3+ 32. Nxf3 gxf3+ 33. Bxf3
Rxh1 34. Bxh1 Bd6 35. Bf3 Be5 36. Kd3 Kd6 37. Bh5 Bh2 38. Bd1 Ke5 39. Ke3 Bf4+
40. Kd3 Bh3 41. Bf3 Bf1+ 42. Kc2 Bg5 43. Bh1 b6 44. Bf3 Kf4 45. Bh1 Ke3 46. c4
Bf6 47. e5 Bxe5 48. Bb7 Bd3+ 49. Kc1 Bf5 50. Ba6 Kd3 51. c5+ Kc3 0-1

[Event "20th TCh-RUS 2013"]
[Site "Loo RUS"]
[Date "2013.04.13"]
[Round "7"]
[White "Sutovsky, Emil"]
[Black "Kamsky, Gata"]
[Result "1/2-1/2"]
[WhiteElo "2671"]
[BlackElo "2741"]
[PlyCount "43"]
[EventDate "2013.04.07"]
[WhiteTeam "Navigator"]
[BlackTeam "Kazan"]

1. e4 e5 2. Nf3 Nc6 3. Nc3 Nf6 4. Bb5 Bb4 5. O-O O-O 6. d3 Bxc3 7. bxc3 d6 8.
Re1 h6 9. d4 Bd7 10. Rb1 b6 11. h3 Re8 12. Bd3 Nh7 13. Be3 Nf8 14. Nh2 Qf6 15.
Bb5 Rad8 16. Qd3 Qg6 17. Bd2 Na5 18. Ba6 Bc8 19. Bb5 Bd7 20. Ba6 Bc8 21. Bb5
Bd7 22. Ba6 1/2-1/2

[Event "20th TCh-RUS 2013"]
[Site "Loo RUS"]
[Date "2013.04.13"]
[Round "7"]
[White "Timofeev, Artyom"]
[Black "Sasikiran, Krishnan"]
[Result "1-0"]
[WhiteElo "2616"]
[BlackElo "2663"]
[PlyCount "90"]
[EventDate "2013.04.07"]
[WhiteTeam "Kazan"]
[BlackTeam "Navigator"]

1. d4 d5 2. c4 c6 3. Nf3 Nf6 4. Nc3 a6 5. Ne5 e6 6. Bf4 dxc4 7. Nxc4 b5 8. Ne5
Bb7 9. e3 c5 10. dxc5 Qxd1+ 11. Rxd1 Bxc5 12. Be2 Nbd7 13. O-O Nxe5 14. Bxe5
Ke7 15. Rc1 Nd7 16. Nb1 Rac8 17. Bc3 f6 18. Rfd1 Rhd8 19. Ba5 Bb6 20. Bb4+ Ke8
21. Nc3 Ne5 22. a4 Nc6 23. Bd6 b4 24. Ne4 Nd4 25. Bh5+ g6 26. Rxc8 Rxc8 27.
Nxf6+ Kf7 28. Nd7 gxh5 29. Nxb6 Rc6 30. a5 Nf5 31. Bxb4 Rc2 32. Bc3 Nh4 33. Nc4
Bxg2 34. Na3 Bf3 35. Nxc2 Bxd1 36. Nb4 Nf3+ 37. Kf1 h4 38. h3 Ng5 39. f4 Ne4
40. Nxa6 Ng3+ 41. Kg2 Bc2 42. Nc7 Be4+ 43. Kf2 Ke7 44. a6 Kd7 45. Be5 Nh1+ 1-0

[Event "20th TCh-RUS 2013"]
[Site "Loo RUS"]
[Date "2013.04.13"]
[Round "7"]
[White "Safarli, Eltaj"]
[Black "Ibragimov, Ildar"]
[Result "1/2-1/2"]
[WhiteElo "2644"]
[BlackElo "2567"]
[PlyCount "106"]
[EventDate "2013.04.07"]
[WhiteTeam "Navigator"]
[BlackTeam "Kazan"]

1. e4 d6 2. d4 g6 3. Nc3 c6 4. f4 d5 5. Nf3 Bg4 6. Be3 e6 7. h3 Bxf3 8. Qxf3
Bb4 9. e5 Qa5 10. Bd2 c5 11. dxc5 Nc6 12. a3 d4 13. Ne4 Bxd2+ 14. Nxd2 O-O-O
15. O-O-O Qxc5 16. Ne4 Qb6 17. Rd3 Qa5 18. b4 Qb6 19. c4 dxc3 20. Rxd8+ Kxd8
21. Nd6 Nh6 22. Qxc3 Ke7 23. Qc5 Qxc5+ 24. bxc5 b6 25. cxb6 axb6 26. Bb5 Nd4
27. Rd1 Nxb5 28. Nxb5 Nf5 29. Nd6 Ne3 30. Rd2 Nd5 31. Rd4 Ra8 32. Kb2 f6 33. h4
h5 34. Ne4 fxe5 35. fxe5 Rf8 36. Ra4 Kd7 37. g3 Rf5 38. Ra7+ Kc6 39. Rg7 Rxe5
40. Ng5 Re2+ 41. Kc1 e5 42. Rxg6+ Kb5 43. Nf3 Re3 44. Nd2 Rxa3 45. Rg5 Rc3+ 46.
Kd1 Ne3+ 47. Ke2 Ng4 48. Rxh5 Rxg3 49. Rg5 Re3+ 50. Kf1 Rd3 51. Ke2 Rd4 52. h5
Kb4 53. Rg6 b5 1/2-1/2

[Event "20th TCh-RUS 2013"]
[Site "Loo RUS"]
[Date "2013.04.13"]
[Round "7"]
[White "Iljin, Artem"]
[Black "Chadaev, Nikolai"]
[Result "0-1"]
[WhiteElo "2538"]
[BlackElo "2582"]
[PlyCount "76"]
[EventDate "2013.04.07"]
[WhiteTeam "Kazan"]
[BlackTeam "Navigator"]

1. d4 Nf6 2. c4 e6 3. Nc3 Bb4 4. e3 O-O 5. Nge2 d5 6. a3 Bd6 7. c5 Be7 8. b4 b6
9. Nf4 a5 10. Rb1 c6 11. Bd2 Nbd7 12. Nd3 axb4 13. axb4 Qc7 14. Be2 Ba6 15. O-O
Rfe8 16. f3 Bc4 17. Qc2 bxc5 18. bxc5 e5 19. Be1 exd4 20. exd4 Nh5 21. f4 Nhf6
22. Ne5 Bxe2 23. Qxe2 Qc8 24. Bh4 Bd8 25. Rb3 Nf8 26. Rfb1 Ng6 27. Bg3 Ba5 28.
Na4 Qe6 29. Nb6 Ra7 30. Qf3 Nxe5 31. fxe5 Ne4 32. Bf4 Bd2 33. Rf1 Ra2 34. Rd3
Bxf4 35. Qxf4 Qg6 36. Rg3 Nxg3 37. hxg3 Re2 38. Nd7 h6 0-1

[Event "20th TCh-RUS 2013"]
[Site "Loo RUS"]
[Date "2013.04.13"]
[Round "7"]
[White "Yemelin, Vasily"]
[Black "Hasangatin, Ramil"]
[Result "1-0"]
[WhiteElo "2588"]
[BlackElo "2496"]
[PlyCount "61"]
[EventDate "2013.04.07"]
[WhiteTeam "Navigator"]
[BlackTeam "Kazan"]

1. e4 c5 2. Nf3 Nf6 3. e5 Nd5 4. Nc3 Nxc3 5. dxc3 Nc6 6. Bf4 Qc7 7. Qe2 e6 8.
O-O-O Rb8 9. Ng5 f6 10. Nf3 Be7 11. Qe3 f5 12. Rg1 h6 13. g4 g5 14. gxf5 exf5
15. Rd6 Qa5 16. Nxg5 hxg5 17. Bxg5 Qxa2 18. Bxe7 Nxe7 19. e6 dxe6 20. Rg7 Qa1+
21. Kd2 Qxf1 22. Qg5 Qxf2+ 23. Kc1 Qe1+ 24. Rd1 Qxd1+ 25. Kxd1 Nc6 26. Qg6+ Kd8
27. Qf6+ Ke8 28. Qf7+ Kd8 29. Qc7+ Ke8 30. Qf7+ Kd8 31. h4 1-0

[Event "20th TCh-RUS 2013"]
[Site "Loo RUS"]
[Date "2013.04.13"]
[Round "7"]
[White "Makhmutov, Rail"]
[Black "Mozharov, Mikhail"]
[Result "1/2-1/2"]
[WhiteElo "2362"]
[BlackElo "2523"]
[PlyCount "69"]
[EventDate "2013.04.07"]
[WhiteTeam "Kazan"]
[BlackTeam "Navigator"]

1. d4 d5 2. c4 e6 3. Nc3 c6 4. e3 Nf6 5. Nf3 Nbd7 6. Qc2 b6 7. Bd3 Bb7 8. O-O
Bd6 9. e4 dxe4 10. Nxe4 Nxe4 11. Bxe4 Qc7 12. Qe2 h6 13. Bd2 O-O 14. Bc3 Rae8
15. Ne5 f5 16. Bf3 Nxe5 17. dxe5 Be7 18. Rfd1 Rd8 19. Rxd8 Rxd8 20. Rd1 Rd7 21.
b3 Qd8 22. Rxd7 Qxd7 23. g3 c5 24. Bxb7 Qxb7 25. Qd3 g5 26. g4 Qc8 27. gxf5
exf5 28. Qd5+ Kg7 29. e6+ Kg6 30. Be5 Qd8 31. Kg2 Bf6 32. Bd6 Be7 33. Be5 Bf6
34. Bd6 Be7 35. Be5 1/2-1/2